000 00714cam a22002293a 4500
001 34125
003 PGUSA
005 20140828083733.0
008 101024s2010||||xxu|||||s|||||000 | eng d
040 _aPGUSA
_beng
042 _adc
100 1 _aAcharya, Madhava
245 1 4 _aThe Sarva-Darsana-Samgraha :
_bReview of the Different Systems of Hindu Philosophy
_h[electronic resource] /
_cMadhava Acharya
260 _bProject Gutenberg,
_c2010
506 _aPublic domain in the USA.
516 _aElectronic text
700 1 _aGough, A. E.
700 1 _aCowell, Edward B.
_q(Edward Byles),
_d1826-1903
830 0 _aProject Gutenberg
_v34125
856 4 0 _uhttp://www.gutenberg.org/ebooks/34125
942 _cEB
999 _c263380
_d263380